Chartre Stratigraphique - Statistiques

Statistiques générales
  • Ce quiz a été pris 260 fois
  • Le résultat moyen est 31 sur 117
Statistiques - réponses
Réponse % Correct
Jurassique
72%
Cénozoïque
69%
Crétacé
69%
Trias
67%
Quaternaire
64%
Mésozoïque
61%
Néogène
61%
Permien
58%
Cambrien
56%
Carbonifère
56%
Dévonien
56%
Inférieur
53%
Moyen
53%
Paléogène
53%
Paléozoïque
53%
Supérieur
53%
Hadéen
50%
Miocène
50%
Précambrien
50%
Silurien
50%
Archéen
47%
Eocène
47%
Ordovicien
47%
Pliocène
44%
Protérozoïque
44%
Paléocène
42%
Oligocène
39%
Phanérozoïque
39%
Holocène
36%
Plaisancien
36%
Maastrichtien
33%
Messinien
33%
Bajocien
31%
Oxfordien
31%
Tortonien
31%
Zancléen
31%
Aptien
28%
Aquitanien
28%
Bathonien
28%
Burdigalien
28%
Kimméridgien
28%
Langhien
28%
Lias
28%
Pléistocène
28%
Serravallien
28%
Aalénien
25%
Albien
25%
Callovien
25%
Campanien
25%
Danien
25%
Dogger
25%
Hauterivien
25%
Malm
25%
Pliensbachien
25%
Sinémurien
25%
Valanginien
25%
Barrémien
22%
Berriasien
22%
Chattien
22%
Coniacien
22%
Hettangien
22%
Lutétien
22%
Néoarchéen
22%
Paléoarchéen
22%
Priabonien
22%
Santonien
22%
Thanétien
22%
Tithonien
22%
Toarcien
22%
Yprésien
22%
Bartonien
19%
Cénomanien
19%
Emsien
19%
Frasnien
19%
Givétien
19%
Mésoarchéen
19%
Rupélien
19%
Sélandien
19%
Turonien
19%
Eifélien
17%
Eoarchéen
17%
Famennien
17%
Icartien
17%
Llandovery
17%
Lochkovien
17%
Ludlow
17%
Pentévrien
17%
Praguien
17%
Tournaisien
17%
Viséen
17%
Wenlock
17%
Briovérien
14%
Mésoprotérozoïque
14%
Néoprotérozoïque
14%
Paléoproterozoïque
14%
Keuper
11%
Pridolien
11%
Rhétien
11%
Muschelkalk
8%
Stéphanien
8%
Trémadocien
8%
Autunien
6%
Buntsandstein
6%
Thuringien
6%
Westphalien
6%
Arénigien
3%
Ashgillien
3%
Géorgien
3%
Llandeilien
3%
Namurien
3%
Potsdamien
3%
Saxonien
3%
Silésien
3%
Acadien
0%
Caradocien
0%
Dinatien
0%
Lettenkhole
0%
Aucun quiz correspondant
Distribution des résultats
% des personnes avec chaque résultat
Percentile par nombre de réponses
Votre historique - résultats
Vous n’avez pas pris ce quiz